Svetelná a tepelná stabilita obalových materiálov

Uložené v:
Podrobná bibliografia
Hlavný autor: Olejárová, Jana (Autor)
Ďalší autori: Jančovičová, Viera (Vedúci práce)
Médium: Rukopis Kniha
Jazyk:Slovak
Vydavateľské údaje: 2016
Predmet:
On-line prístup:http://is.stuba.sk/zp/portal_zp.pl?podrobnosti=101725
Tagy: Pridať tag
Žiadne tagy, Buďte prvý, kto otaguje tento záznam!

MARC

LEADER 00000ntm a22000003a 4500
001 stuzp51680
003 SK-STU
005 20160719153932.4
007 ta
008 150427s2015----xo-----f-mn---000-0-slo-d
040 |a STU  |b slo 
041 0 |a slo 
100 1 |a Olejárová, Jana  |u 049160  |4 aut  |U FCHPT Ústav prírodných a syntetických polymérov  |T FCHPT Oddelenie polygrafie a aplikovanej fotochémie  |X 61173  |U C9160  |Y 127  |7 61173 
242 0 1 |a Photostability and thermal stability of packaging materials  |y eng 
245 1 0 |a Svetelná a tepelná stabilita obalových materiálov 
260 |c 2016 
650 4 |a urýchlené starnutie  |2 slo 
650 4 |a polyolefíny  |2 slo 
650 4 |a celofán  |2 slo 
650 4 |a polyolefins  |2 eng 
650 4 |a cellophane  |2 eng 
650 4 |a accelerated ageing  |2 eng 
700 1 |a Jančovičová, Viera  |u 049160  |k Z1  |4 ths  |U FCHPT Ústav prírodných a syntetických polymérov  |T FCHPT Oddelenie polygrafie a aplikovanej fotochémie  |X 3376  |U C9160  |Y 127  |7 A000003376 
856 4 |u http://is.stuba.sk/zp/portal_zp.pl?podrobnosti=101725 
SQL |a stuzp51680  |b DBP  |c SLO  |d Svetelná a tepelná stabilita obalových materiálov  |e 61173  |f Olejárová, Jana  |g 049160  |h 3376  |i Jančovičová, Viera  |j 20160712  |k 753  |l 04  |m http://is.stuba.sk/zp/portal_zp.pl?podrobnosti=101725  |n B-CHEMAT  |o 4.1.14. chémia, 5.2.18. chemické technológie